| 000 | 00358nam a2200145Ia 4500 | ||
|---|---|---|---|
| 100 | _aGottfried /Byron S. | ||
| 942 | _cBK | ||
| 654 | _aC Programming | ||
| 245 | _aschaums outline of theory and problem of programming with C | ||
| 260 |
_bMc Graw Hill _aNew York _c1990 |
||
| 082 |
_a001.6424C2 _bGOTT |
||
| 300 | _a531 | ||
| 546 | _aENGLISH | ||
| 999 |
_c28466 _d28466 |
||